000 02452cam a22004814i 4500
003 PE-LiUPU
005 20250731173412.0
008 150706s2008 r 000 0 spa d
020 _a9780829748840
035 _a(Sirsi) i9780829748840
040 _aPE-LiUPU
_bspa
_cPE-LiUPU
_erda
049 _aPRUA
082 0 4 _a253.7
_bD75
_221
100 1 _aDonahue, Bill,
_eautor.
245 1 4 _aLos siete pecados capitales de los grupos pequeños :
_blocalizador de defectos para líderes de iglesia /
_cBill Donahue y Ross Robinson .
264 1 _aMiami, Florida :
_bVida,
_c2008.
300 _a255 páginas ;
_c23 centímetros
336 _atext
_2rdacontent
337 _aunmediated
_2rdamedia
338 _avolume
_2rdacarrier
505 0 _aPecado N°1: Objetivos ministeriales poco claros -- Estrategias y herramientas para desarrollar objetivos específicos del ministerio -- Pecado N° 2: Falta de un líder guía -- Estrategias y herramientas para elegir líderes guía eficientes -- Pecado N° 3: Estructuras de capacitación insatisfactorias -- Pecado N°4: Incumplimiento de la formación constante de líderes -- Estrategias y herramientas para formar líderes -- Pecado N°5 Mentalidad grupal cerrada -- Estrategias y herramientas para transformar la mentalidad grupal -- Pecado N°6 Definición estrecha de grupo pequeño -- Estrategias y herramientas para ampliar el alcance de los grupos pequeños -- Pecado N°7 Incumplimiento del proceso de integración -- Estrategias y herramientas para mejorar la integración.
526 _aSEG42
526 _aSEG41
526 _aSEG40
526 _aSEG39
526 _aP94
526 _aP87
526 _aP86
526 _aP85
526 _aP77
526 _aP76
526 _aP35
541 _g001-0000554;
650 0 4 _aTrabajo de iglesia en grupo.
650 0 4 _aPequeños grupos
_xCristianismo.
700 1 _aRobinson, Russ,
_eautor.
910 _agl
_bjv
_clch
_d20111128
942 _2ddc
_cBOOK
949 _a253.7 D75
_wDEWEY
_c1
_i64066
_lCCODEBUL1
_mBUL
_p14.00
_r0
_sY
_tBOOK
_u2015-7-6
_xTEOLOGIA
_PP35
_o.STAFF. Colección General
994 _aC0
_bPEPRU
596 _a1
999 _a253.7 D75
_wDEWEY
_c52909
_i64066
_d52909
_e2019-8-14
_f2021-11-10
_g5
_lCCODEBUL1
_mBUL
_n9
_p14.00
_q3
_r0
_sY
_tBOOK
_u2015-7-6
_xTEOLOGIA
_PP35
_0COMPRA
_o.STAFF. Colección Teología
980 _81
_gALBERTO SANCHEZ Responsable de Automatización